| 000 | 00989cam a2200349 4500 | ||
|---|---|---|---|
| 001 | 312368 | ||
| 003 | BD-DhUL | ||
| 005 | 20170121155100.0 | ||
| 008 | 731121s1973 enk j b 000 0 eng d | ||
| 010 | _a 73176108 | ||
| 015 | _aB73-19697 | ||
| 020 | _a0140442685 | ||
| 040 |
_aDLC _cDLC _dDLC _dBD-DhUL |
||
| 041 | 1 | _aengang | |
| 050 | 0 | 0 |
_aPR1583 _b.A5 |
| 082 | 0 | 0 |
_a829.3 _bALB |
| 100 | 1 | _aAlexander, Michael | |
| 130 | _aBeowulf. English. | ||
| 245 | 1 | 0 |
_aBeowulf : _ba verse translation / _cby Michael Alexander. |
| 260 |
_aHarmondsworth : _bPenguin, _c1973. |
||
| 300 |
_a176 p. _bgeneal. tables, map. _c18 cm. |
||
| 365 |
_aUS$ _b6.85 |
||
| 490 | 0 | _aPenguin classics | |
| 500 | _aIncludes index. | ||
| 504 | _aBibliography: p. 157-158. | ||
| 650 | 0 |
_aHeroes _zScandinavia _xPoetry. |
|
| 650 | 0 | _aEpic poetry, English (Old) | |
| 650 | 0 |
_aMonsters _xPoetry. |
|
| 650 | 0 |
_aDragons _xPoetry. |
|
| 906 |
_a7 _bcbc _corignew _d3 _encip _f19 _gy-gencatlg |
||
| 942 |
_2ddc _cBK |
||
| 999 |
_c152458 _d152458 |
||